| 000 | 00632cam a22002415a 4500 | ||
|---|---|---|---|
| 001 | J100942 | ||
| 008 | 000000s1928 xxk 000 0 eng u | ||
| 035 | _a(Sirsi) u100942 | ||
| 041 | _aeng | ||
| 050 |
_a331.2166 _c18 |
||
| 110 |
_aSurveyors' Institution _93783 |
||
| 245 | _aSchedule of professional charges 1928 | ||
| 260 | _c1928 | ||
| 300 | _a12p. | ||
| 490 | _aRICS Fee Scales | ||
| 650 | _aFEE SCALES | ||
| 650 | _aPROFESSIONAL CHARGES | ||
| 650 | _aPROFESSIONAL FEES | ||
| 650 | _aSURVEYORS' FEES | ||
| 651 | 4 |
_aUnited Kingdom _y |
|
| 690 | _aMANAGEMENT-BUSINESS MANAGEMENT-PROFESSIONAL PRACTICE | ||
| 942 | _n0 | ||
| 999 |
_c99938 _d99938 |
||